| 000 | 00935mam a2200289 a 4500 | ||
|---|---|---|---|
| 008 | |||
| 020 | _a0721627285 (hbk.) | ||
| 049 | _aMAIN | ||
| 090 |
_aRD731 _bSKE |
||
| 245 | 0 | 0 |
_aSkeletal trauma : _bfractures, dislocations, ligamentous injuries _nvol. 2 / _c[edited by] Bruce D. Browner ... [et al.]. |
| 260 |
_aPhiladelphia, PA : _bSaunders, _cc1992. |
||
| 300 |
_axiv, (various pagings) : _bill. ; _c29 cm. |
||
| 500 | _aIncludes index. | ||
| 504 | _aIncludes bibliographical references. | ||
| 650 | 0 |
_aMusculoskeletal system _xWounds and injuries. |
|
| 650 | 0 | _aFractures. | |
| 650 | 2 |
_aBone and Bones _xinjuries. |
|
| 650 | 2 | _aDislocations. | |
| 650 | 2 | _aFractures, Bone. | |
| 650 | 2 |
_aLigaments _xinjuries. |
|
| 700 | 1 | _aBrowner, Bruce D. | |
| 907 |
_a.b10355376 _b27-03-15 _c26-03-15 |
||
| 003 | |||
| 005 | 20230120204148.0 | ||
| 040 | _cNUST | ||
| 942 |
_cBOOKS _kRD731 _mSKE |
||
| 999 |
_c118256 _d118256 |
||